| 000 | 01127cam a2200277 i 4500 | ||
|---|---|---|---|
| 005 | 20160217160336.0 | ||
| 008 | 021129s1996 ck ado r 00 00spa d | ||
| 015 | _aSSS | ||
| 020 | _a9589206840 | ||
| 040 |
_aCO-BoPUJ _cCO-BoIAVH |
||
| 041 | 0 | _aspa | |
| 082 | 0 | 4 |
_a633.39 _bA17g |
| 100 | 1 |
_aAcero Duarte, Luis Enrique _d1952- |
|
| 245 | 1 | 0 |
_aGuía para el cultivo y aprovechamiento del Chachafruto o Balú : _bErythrina edulis Triana ex Micheli _cLuis Enrique Acero Duarte ; editado por Henry Yesid Bernal y Mabel Farfán Martínez |
| 260 |
_aBogotá : _bConvenio Andrés Bello, _c1996. |
||
| 300 |
_a50 páginas : _bilustraciones y fotos ; _c28 cm. |
||
| 490 | 0 | 0 |
_aSerie ciencia y tecnología ; _v60 |
| 504 | _aIncluye referencias bibliográficas (p. 39-45). | ||
| 650 | 1 | 4 |
_aCultivo de chachafruto _vGuías. |
| 650 | 2 | 4 |
_aCultivos de cobertura _vGuías. |
| 650 | 2 | 4 |
_aPlantas comestibles _vGuías. |
| 650 | 2 | 4 |
_aPlantas ornamentales _vGuías. |
| 700 | 1 |
_aBernal Malagón, Henry Yesid _eeditor. |
|
| 700 | 1 |
_aFarfán Martínez, Mabel _eeditor. |
|
| 942 |
_2ddc _cLIBRO |
||
| 999 |
_c4218 _d4218 |
||